000 00918nam a2200301Ia 4500
001 Para_6785
003 CHAP
008 220125s1940 xx 000 0 und d
010 _a205581
040 _cCHAP
082 _aPA-C 633 B85
100 _aOrton, C.R.
_9171634
245 _aEpistle to the farm /
_c by C. R. Orton
260 _aMorgantown :
_b West Virginia Agricultural. Experiment Station
300 _a40 p.
440 _aBulletin; 298
_9171635
500 _aEncuadernado con: Report of progress for year ending june 30, 1940 / University of Maine
650 _aCultivos
_x EUA
_x Colecciones de escritos
_9171611
650 _aCultivos
_x Virginia
_9171636
650 _aSuelos
_x Virginia
_9171637
901 _aPA-C 633 B85
902 _aA
905 _a0000001940 0000000000 00
910 _a1940
942 _cPARA
942 _cPARA
_d1
999 _c205581
_d205581